Statistics for Richest people in the world that aren't from USA

Click here to take the quiz!

General Stats

  • This quiz has been taken 5 times
  • The average score is 3 of 10

Answer Stats

Place on the listNet worth ($)CountryAnswer% Correct
2.176.6BFranceBernard Arnault
60%
9.87.0BMexicoCarlos Slim
60%
8.94.7BIndiaMukesh Ambani
60%
17.60.9BSpainAmancio Ortega
40%
23.51.2BCanadaDavid Thomson
20%
1472.0BFranceFrancoise Bettencourt
20%
3.146.5BIndiaGautam Adani
20%
26.41.4BFranceRodolphe Saade
0%
24.49.5BChinaZhang Yiming
0%
15.67.1BChinaZhong Shanshan
0%

Score Distribution

Percentile by Number Answered

Percent of People with Each Score

Your Score History

You have not taken this quiz